000 00563nam a2200181 a 4500
001 000022741
005 20200930021753.0
008 101117s1998 ck ac r 000 mdspa d
020 _a9962020050
040 _aDO-SdBNP
_bspa
_cBNPHU
082 _annnn
_bI99s
100 1 _aIzquierdo Valderrama, Sofía,
_946727
245 1 0 _aSi hubieras nacido en Roma /
_cSofía izquierdo Valderrama, Rogelio Tribaldos Alba.
260 _aColombia :
_b[s. n.],
_c1998.
300 _a270 p. :
_bil., retrs. ;
_c21 cm.
700 1 _aTribaldos Alba, Rogelio,
_946728
049 _aBNGR
999 _c22238
_d22238